zpět

Detail výsledku týmu

Šnyt, Šternberk

Datum a čas kvízu

26.5 Celkem bodů Celkový počet nahraných bodů na tomto kvízu bez doplňovacích otázek.
7. Pořadí na kvízu Konečné umístění týmu na tomto kvízu.

Zaznamenané odpovědi

# Otázka Odpověď Body Výsledky
1. Jak se jmenuje hejtman, který... Jan Krkoška, Moravskoslezský kraj 1
2. V sobotu se konalo 1. kolo pre... 9 za bod, (8 a 10 za půl bodu) 0
3. Streetartový umělec Banksy se... strom 0
4. V minulém týdnu probíhal v Brn... Amper 1
5. Ester Ledecká si k sobotním n... 29. narozeniny (28. a 30. za půl bodu) 0.5
6. Toto literární téma vyhrálo mi... Alchymista 0
7. Dívka Fern jednoho dne pozoruj... Šarlotina pavučinka, E. B. White 0
8. Přiřaďte klasická díla ruské l... 1C 2A 3D 4B 0
9. Jedna z nejprodávanějších knih... Anne Frank 1
10. Na závěr se zaměříme na novějš... Zmizelá 0